Journal of Indian philosophy
| Formato: | Electrónico Revista |
|---|---|
| Lenguaje: | inglés |
| Publicado: |
Dordrecht :
D. Reidel,
1970-
Dordrecht : Kluwer Academic Publishers Dordrecht : Springer Netherlands |
| Materias: | |
| Acceso en línea: | Full text available from Research Library: 02/01/1997 to 1 year ago |
MARC
| LEADER | 00000nas a2200000 a 4500 | ||
|---|---|---|---|
| 001 | ssj0009854 | ||
| 003 | WaSeSS | ||
| 005 | 20200512172242.0 | ||
| 006 | m d | ||
| 007 | cr n | ||
| 008 | 990728c19709999ne zx pss 0 a0eng c | ||
| 010 | |a 2004233194 | ||
| 016 | 7 | |a 2016946-2 |2 DE-600 | |
| 022 | |a 1573-0395 |l 0022-1791 |y 0022-1791 | ||
| 035 | |a (WaSeSS)ssj0009854 | ||
| 040 | |a F#A |b eng |c F#A |d OCLCQ |d MUQ |d OCLCQ |d GUA |d OCLCQ |d MYG |d SERSO |d OCLCQ |d OCLCO |d OCLCQ |d BUF |d OCLCF |d EYM |d OCLCO |d OCLCQ |d RCE |d EZC |d VT2 |d DLC |d NJT |d SFB |d WaSeSS | ||
| 042 | |a pcc | ||
| 050 | 0 | 0 | |a B130 |
| 082 | 0 | 4 | |a 181.4 |
| 130 | 0 | |a Journal of Indian philosophy (Online) | |
| 210 | 1 | |a J. Indian philos. |b (Dordr., Online) | |
| 222 | 0 | |a Journal of Indian philosophy |b (Dordrecht. Online) | |
| 245 | 1 | 0 | |a Journal of Indian philosophy |h [electronic resource]. |
| 260 | |3 1970-1987 : |a Dordrecht : |b D. Reidel, |c 1970- | ||
| 260 | 2 | |3 1988-2004 : |a Dordrecht : |b Kluwer Academic Publishers | |
| 260 | 3 | |3 2005- : |a Dordrecht : |b Springer Netherlands | |
| 310 | |a five issues a year, |b 2014- | ||
| 321 | |a Six issues a year, |b 1996-2013 | ||
| 321 | |a Four issues a year, |b 1970-1995 | ||
| 362 | 1 | |a Began with v. 1, issue 1 (Oct. 1970). | |
| 506 | |a License restrictions may limit access. | ||
| 515 | |a Some issues combined. | ||
| 588 | |a Description based on: Vol. 1, issue (Oct. 1970); title from contents screen (SpringerLink, viewed Nov. 10, 2009). | ||
| 588 | |a Latest issue consulted: Vol. 47, issue 1 (Mar. 2019) (SpringerLink, viewed Mar. 22, 2019). | ||
| 650 | 0 | |a Philosophy, Indic |v Periodicals. | |
| 650 | 6 | |a Philosophie de l'Inde |v Périodiques. | |
| 650 | 7 | |a Philosophy, Indic. |2 fast |0 (OCoLC)fst01060996 | |
| 655 | 0 | |a Electronic journals. | |
| 776 | 0 | 8 | |i Print version: |t Journal of Indian philosophy |x 0022-1791 |w (DLC) 70020727 |w (OCoLC)1783390 |
| 850 | |a DLC | ||
| 856 | 4 | 0 | |z Full text available from Research Library: 02/01/1997 to 1 year ago |u https://search.proquest.com/publication/36448 |